শ্রেষ্ঠ উপন্যাস / (Record no. 10708)
[ view plain ]
| 000 -LEADER | |
|---|---|
| fixed length control field | 00747nam a2200253 a 4500 |
| 001 - CONTROL NUMBER | |
| JCCL Control Number | 10708 |
| 003 - CONTROL NUMBER IDENTIFIER | |
| JCCL marc code | BD-JhCC |
| 005 - DATE AND TIME OF LATEST TRANSACTION | |
| control field | 20221128134022.0 |
| 008 - FIXED-LENGTH DATA ELEMENTS--GENERAL INFORMATION | |
| fixed length control field | 020911s2014 bg 000 0 ben |
| 020 ## - INTERNATIONAL STANDARD BOOK NUMBER | |
| Cancelled/invalid ISBN | 9789848964941 |
| 035 ## - SYSTEM CONTROL NUMBER | |
| system control number | (BD-JhCC)10708 |
| 040 ## - CATALOGING SOURCE | |
| Original cataloging agency | DLC |
| Transcribing agency | DLC |
| Modifying agency | BD-JhCC |
| 041 ## - LANGUAGE CODE | |
| Language code of Book | ben |
| 050 00 - LIBRARY OF CONGRESS CALL NUMBER | |
| Classification number | MLCMA 2002/01515 (P) |
| -- | PK1730.12.H63 |
| 082 ## - DEWEY DECIMAL CLASSIFICATION NUMBER | |
| Classification number | 891.443 |
| Author mark and Year | SOF 2014 |
| 100 0# - MAIN ENTRY--PERSONAL NAME | |
| Personal name | ছফা, আহমদ |
| 245 10 - TITLE STATEMENT | |
| Title | শ্রেষ্ঠ উপন্যাস / |
| Statement of responsibility, etc | আহমদ ছফা |
| 260 ## - PUBLICATION, DISTRIBUTION, ETC. (IMPRINT) | |
| Place of publication, distribution, etc | ঢাকা : |
| Name of publisher, distributor, etc | হাওলাদর প্রকাশনী, |
| Date of publication, distribution, etc | ২০১৪. |
| 300 ## - PHYSICAL DESCRIPTION | |
| Pagination | 639 P. ; |
| Dimensions | 21 cm. |
| 500 ## - GENERAL NOTE | |
| General note | Essays. |
| 650 ## - SUBJECT ADDED ENTRY--TOPICAL TERM | |
| Topical term or geographic name as entry element | Bengali literature |
| General subdivision | Novel |
| 942 ## - ADDED ENTRY ELEMENTS (KOHA) | |
| Source of classification or shelving scheme | Dewey Decimal Classification |
| Koha item type | Books |
| Koha issues (borrowed), all copies | 11 |
| Source of classification or shelving scheme | Damaged status | Not for loan | Home library | Current library | Shelving location | Date of accession | Cost, normal purchase price | Total Checkouts | Full call number | Barcode | Date last seen | Date checked out | Copy number | Koha item type |
|---|---|---|---|---|---|---|---|---|---|---|---|---|---|---|
| Dewey Decimal Classification | JCC Rouf Library | JCC Rouf Library | General Stacks | 08/10/2018 | 575.00 | 6 | 891.443 SOF 2014 | 14413 | 06/09/2024 | 03/05/2024 | C-1 | Books | ||
| Dewey Decimal Classification | JCC Rouf Library | JCC Rouf Library | General Stacks | 08/10/2018 | 575.00 | 5 | 891.443 SOF 2014 | 14412 | 07/31/2023 | 06/18/2023 | C-2 | Books | ||
| Dewey Decimal Classification | JCC Rouf Library | JCC Rouf Library | General Stacks | 08/10/2018 | 575.00 | 6 | 891.443 SOF 2014 | 14411 | 09/30/2024 | 09/26/2024 | C-3 | Books |